000 00227nam a2200097Ia 4500
008 230508s1994 xx 000 0 und d
041 _aeng
100 _aDUBEY G.K.
245 _aTHYRISTORISED POWER CONTROLLERS.
260 _c1994
999 _c336078
_d336078